000 00297nam a22001337a 4500
008 171027b xxu||||| |||| 00| 0 eng d
020 _a9780130603548
041 _aeng
080 _a336
100 _a56
101 _aFIN
245 _aFINANCIAL REPORTING & ANALYSIS
_cREVSINE
942 _2udc
_cBK
999 _c36111
_d36111